000 00205 a2200097 4500
001 26571
100 _aMelsa, J.L
245 _aNon linear programming
260 _a
_bMerrill
_c1976
090 _c17868
_d17868
942 _aNUST-CAE
_cM
_c8744
999 _c261644
_d261644